[Event "Mumbai One Wealth op 04"]
[Site "Mumbai"]
[Date "2024.03.12"]
[Round "2"]
[White "Agraval, Shravana"]
[Black "Iyer, Arvind"]
[Result "0-1"]
[WhiteElo "1540"]
[BlackElo "1897"]
[PlyCount "144"]
[EventDate "2024.03.11"]
[EventType "swiss"]
[EventRounds "7"]
[EventCountry "IND"]
[SourceTitle "EXT 2025"]
[Source "ChessBase"]
[SourceDate "2024.10.14"]
[SourceVersion "1"]
[SourceVersionDate "2024.10.14"]
[SourceQuality "1"]

1. d4 Nf6 2. Bf4 e6 3. Nf3 d5 4. e3 Ne4 5. Nbd2 Nxd2 6. Qxd2 Bd6 7. Bg3 b6 8. Bd3 Bb7 9. c3 Qe7 10. Qe2 Nd7 11. 0-0 0-0 12. e4 dxe4 13. Bxe4 Bxe4 14. Qxe4 f5 15. Bxd6 cxd6 16. Qe2 Rae8 17. Rfe1 e5 18. dxe5 dxe5 19. Rad1 e4 20. Nd4 Nc5 21. Qc4+ Kh8 22. b4 Nb7 23. Qd5 Qf7 24. Nb5 h6 25. Qb3 Qg6 26. Rd7 Qc6 27. Qd5 Qxd5 28. Rxd5 a6 29. Rd7 axb5 30. Rxb7 Rb8 31. Rxb8 Rxb8 32. f3 Re8 33. fxe4 fxe4 34. Kf2 Kh7 35. Ke3 Kg6 36. Rd1 Kf5 37. Rd5+ Re5 38. Rd6 h5 39. Rxb6 Rd5 40. Rc6 Rd3+ 41. Ke2 h4 42. Rc8 g5 43. Rc7 Kf4 44. Rf7+ Kg4 45. Rc7 h3 46. g3 Rf3 47. Re7 Rxc3 48. Rxe4+ Kf5 49. Rd4 Ke5 50. Rd3 Rc2+ 51. Rd2 Rc1 52. Kf3 Rc4 53. a3 g4+ 54. Ke3 Rc3+ 55. Rd3 Rc1 56. Rd2 Ra1 57. Rd3 Ra2 58. Rd2 Rxa3+ 59. Rd3 Rxd3+ 60. Kxd3 Kd5 61. Ke3 Kc4 62. Kf4 Kxb4 63. Kxg4 Kc3 64. Kxh3 b4 65. g4 b3 66. g5 b2 67. Kg4 b1Q 68. h4 Kd4 69. h5 Qe4+ 70. Kh3 Qf3+ 71. Kh4 Qf4+ 72. Kh3 Qxg5 0-1